Top 50 actors of all time - Statistics

General Stats
  • This quiz has been taken 30 times
  • The average score is 18 of 50
Answer Stats
Answer % Correct
Brad Pitt
75%
Robert Deniro
71%
Al Pacino
67%
Jack Nicholson
67%
Leonardo Dicaprio
67%
Marlon Brando
67%
Tom Hanks
67%
Denzel Washington
63%
Dustin Hoffman
58%
Daniel Day-Lewis
54%
Matt Damon
54%
Bradley Cooper
50%
Michael Douglas
50%
Ben Affleck
46%
Christian Bale
46%
Tom Cruise
46%
Humphrey Bogart
42%
Joe Pesci
42%
Robin Williams
42%
Will Smith
42%
Anthony Hopkins
38%
Harrison Ford
38%
Heath Ledger
38%
Clint Eastwood
33%
Colin Farrell
33%
Jeff Bridges
33%
Morgan Freeman
33%
Robert Downey Jr
33%
Russell Crowe
33%
Gregory Peck
29%
Joaquin Phoenix
29%
Liam Neeson
29%
Sean Penn
29%
Hugh Jackman
25%
Jon Voight
25%
Kevin Costner
25%
Matthew Mcconaughey
25%
Sylvester Stallone
25%
Tommy Lee Jones
25%
Adam Sandler
21%
Jake Gyllenhaal
21%
Keanu Reeves
21%
Ralph Fiennes
21%
Adrien Brody
17%
Colin Firth
17%
Richard Gere
13%
Paul Rudd
4%
Samuel Jackson
4%
Bryan Cranston
0%
Jason Bateman
0%
No matching quizzes found
Score Distribution
Percent of People with Each Score
Percentile by Number Answered
Your Score History
You have not taken this quiz